000 00731nam a2200229 a 4500
999 _c11379
_d11379
001 11379
003 BD-JhCC
005 20200407134008.0
008 190607b 2013bg |||| ||a| 000 0 ben d
020 _a978984200331
035 _a(BD-JhCC)11379
040 _aBD-JhCC
_dBD-JhCC
041 _aben
082 _bSHA 2013
_a891.443
100 _aশরীফ, মোস্তাক
245 _aযাও উত্তরের হাওয়া /
_cমোস্তাক শরীফ ।
260 _aঢাকা:
_bঅ্যাডর্ন পাবলিকেশন;
_c২০১৩.
300 _a১২৭ পৃ. :
_c২২ সেমি.
650 _aBengali Novel
942 _2ddc
_cBK
_02